|
|
|
|
| LEADER |
00000nab a2200000 a 4500 |
| 001 |
vtls000552546 |
| 003 |
SK-MaSNL |
| 005 |
20260304235639.0 |
| 008 |
250425c1995 xo 0 slo |
| 015 |
|
|
|a SNBRB19rr/mm-uuuuu
|
| 035 |
|
|
|a CL0552684
|
| 035 |
|
|
|a urn:nbn:sk:snk-ab6k30
|
| 035 |
|
|
|a (uuid)88e7560b-d872-4bd8-97d5-1585c245ad0c
|
| 035 |
|
|
|a (urnnbn)urn:nbn:sk:snk:ar-0051nr
|
| 040 |
|
|
|a SNKBUCL
|b slo
|c SNKBUCL
|e AACR2
|
| 041 |
0 |
|
|a slo
|
| 044 |
|
|
|a xo
|c SK
|
| 080 |
|
|
|a 027.52(437.6)
|2 1981
|
| 100 |
1 |
|
|a Klapitová, Veronika,
|d 1941-
|4 aut
|9 37811
|
| 245 |
1 |
0 |
|a Knižnica v Maršovej 70 ročná
|c Veronika Klapitová
|
| 610 |
1 |
7 |
|a Maršová (Slovensko).
|b Miestna ľudová knižnica
|2 SNKKA
|9 259446
|
| 655 |
|
7 |
|a články z novín a časopisov
|2 snkbucl
|9 267496
|
| 655 |
|
7 |
|a články z odboru knihovníctvo
|2 snkbucl
|9 166141
|
| 773 |
0 |
|
|t Knižnice a informácie
|g Roč. 27, č. 7 (1995), s. 337
|x 1210-096X
|
| 850 |
|
|
|a Slovenská národná knižnica
|
| 852 |
|
|
|a Slovenská národná knižnica
|
| 954 |
|
|
|a odborná, vedecká literatúra pôvodná (slovenská)
|2 lita
|
| 957 |
|
|
|a 5313
|
| 958 |
|
|
|a article2022
|
| 958 |
|
|
|a RK
|
| 958 |
|
|
|a KL
|
| 958 |
|
|
|a OND
|
| 958 |
|
|
|a EUIPO
|
| 992 |
|
|
|a RBX
|
| 999 |
|
|
|c 3209821
|d 3211751
|